UBT Library

The everything psychology book : (Record no. 44309)

000 -LEADER
fixed length control field 00843cam a22002414a 4500
001 - CONTROL NUMBER
control field 13507675
005 - DATE AND TIME OF LATEST TRANSACTION
control field 20180307073958.0
008 - FIXED-LENGTH DATA ELEMENTS--GENERAL INFORMATION
fixed length control field 040302s2004 mau b 001 0 eng
010 ## - LIBRARY OF CONGRESS CONTROL NUMBER
LC control number 2004004807
020 ## - INTERNATIONAL STANDARD BOOK NUMBER
International Standard Book Number 1593370563
040 ## - CATALOGING SOURCE
Original cataloging agency DLC
Transcribing agency DLC
Modifying agency DLC
041 ## - LANGUAGE CODE
Language code of text/sound track or separate title eng
042 ## - AUTHENTICATION CODE
Authentication code pcc
080 ## - UNIVERSAL DECIMAL CLASSIFICATION NUMBER
Universal Decimal Classification number 150 WAR
082 00 - DEWEY DECIMAL CLASSIFICATION NUMBER
Classification number 150 WAR
Edition number 22
100 1# - Rafti
Rafti 48
101 ## - Shkurtesa
Shkurtesa PSI
245 14 - TITLE STATEMENT
Title The everything psychology book :
Statement of responsibility, etc Lynda L. Warwick, and Lesley Bolton.
504 ## - BIBLIOGRAPHY, ETC. NOTE
Bibliography, etc Includes bibliographical references and index.
906 ## - LOCAL DATA ELEMENT F, LDF (RLIN)
a 7
b cbc
c orignew
d 1
e ecip
f 20
g y-gencatlg
942 ## - ADDED ENTRY ELEMENTS (KOHA)
Source of classification or shelving scheme
Item type Books
Holdings
Withdrawn status Lost status Source of classification or shelving scheme Damaged status Not for loan Collection code Permanent location Current location Shelving location Date acquired Total Checkouts Full call number Barcode Date last seen Price effective from Koha item type
          Koleksioni i përgjithshem UBT - Lipjan UBT - Lipjan Koleksioni i përgjithshem 03/07/2018   150 WAR 002-3001266 03/07/2018 03/07/2018 Books
UBT Library © 2015-2024. All rights reserved University Education for Business and Technology